000
00315nam a2200133Ia 4500
005
20251222144833.0
008
251222s9999||||xx |||||||||||||| ||spa||
020
_a
85-7388-317-0
082
_a
868.9/J19
100
_a
Jamil Nadaf, Yasmin
245
0
_a
Rodapé das Miscelaneas:
264
_b
7Letras
942
_c
LIB
999
_c
20937
_d
20937